<?xml version="1.0" encoding="UTF-8"?>
<collection xmlns:xsi="http://www.w3.org/2001/XMLSchema-instance" xsi:schemaLocation="http://www.loc.gov/MARC21/slim http://www.loc.gov/standards/marcxml/schema/MARC21slim.xsd" xmlns="http://www.loc.gov/MARC21/slim">
 <record>
  <leader>00000ctm a22000003a 4500</leader>
  <controlfield tag="001">UP-99796217609913128</controlfield>
  <controlfield tag="003">Buklod</controlfield>
  <controlfield tag="005">20110702103412.0</controlfield>
  <controlfield tag="006">t     r    |||| u|</controlfield>
  <controlfield tag="007">ta</controlfield>
  <controlfield tag="008">110702s        xx     d     r    |||| u|</controlfield>
  <datafield tag="035" ind1=" " ind2=" ">
   <subfield code="a">(iLib)UPD-00175002740</subfield>
  </datafield>
  <datafield tag="040" ind1=" " ind2=" ">
   <subfield code="a">DCHE</subfield>
  </datafield>
  <datafield tag="041" ind1=" " ind2=" ">
   <subfield code="a">eng</subfield>
  </datafield>
  <datafield tag="090" ind1=" " ind2=" ">
   <subfield code="a">LG 993.5 2011 I58</subfield>
   <subfield code="b">S86</subfield>
  </datafield>
  <datafield tag="100" ind1="1" ind2=" ">
   <subfield code="a">Susi, Ma. Genevieve Abbie D.</subfield>
  </datafield>
  <datafield tag="245" ind1="1" ind2="2">
   <subfield code="a">A case study on classroom design for the special science elementary schools program for the gifted in relation to instructional strategies in a selected public elementary school</subfield>
   <subfield code="c">Ma. Genevieve Abbie D. Susi ; Raquel D. Florendo, adviser.</subfield>
  </datafield>
  <datafield tag="264" ind1=" " ind2="1">
   <subfield code="a">2011.</subfield>
  </datafield>
  <datafield tag="300" ind1=" " ind2=" ">
   <subfield code="a">viii, 75 leaves</subfield>
   <subfield code="b">col. ill.</subfield>
  </datafield>
  <datafield tag="500" ind1=" " ind2=" ">
   <subfield code="a">Thesis (BSID)--University of the Philippines Diliman.</subfield>
  </datafield>
  <datafield tag="520" ind1=" " ind2=" ">
   <subfield code="a">The study explored classroom design for a special education program for the gifted in relation to instructional strategies in a public school setting using in-depth case study method and qualitative data analysis approach. The objective of the study was to describe and identify classroom layout, seating/desk arrangement, and furniture form in relation to the currently used science and technology instructional strategies. Purposive sampling was used to select a public school with classrooms used for a special education program for gifted children. After the school was selected, a sample classroom was chosen among the classrooms used for the special education program. Sampling was also purposive; the classroom should be regularly used, should only be utilized for a specific class under the special education program for the gifted, and students and the teacher using the classroom would agree to participate in the study. Information was gathered by observing classroom design, activities performed inside the classroom, in-depth interviews with the school principal and the teacher in charge of sample class, and survey conducted on the 35 gifted students occupying the classroom and all the six (6) special education program teachers. Results of the study showed a significant connection between the classroom design and instructional strategies. Findings revealed that classroom layout and furniture does not fully support the student-centered instructional strategies required by the special program because it only reflect a teacher-centered learning environment. In order to support both instructional strategies, public school classrooms should have highly flexible designs that would accomodate different seating layouts and use appropriate furniture for various activities, either individual or group work, therefore flexibility and adaptability essential consideration.</subfield>
  </datafield>
  <datafield tag="650" ind1=" " ind2="0">
   <subfield code="a">Classrooms</subfield>
   <subfield code="z">Philippines</subfield>
   <subfield code="x">Designs and plans.</subfield>
  </datafield>
  <datafield tag="700" ind1="1" ind2=" ">
   <subfield code="a">Florendo, Raaquel Baltazar.</subfield>
  </datafield>
  <datafield tag="905" ind1=" " ind2=" ">
   <subfield code="a">FI</subfield>
  </datafield>
  <datafield tag="950" ind1=" " ind2=" ">
   <subfield code="a">Thesis</subfield>
  </datafield>
  <datafield tag="852" ind1="0" ind2=" ">
   <subfield code="a">UPD</subfield>
   <subfield code="b">DCHE</subfield>
   <subfield code="h">LG 993.5 2011 I58</subfield>
   <subfield code="i">S86</subfield>
  </datafield>
  <datafield tag="942" ind1=" " ind2=" ">
   <subfield code="a">Thesis</subfield>
  </datafield>
 </record>
</collection>
